00790 2200289 4500001002100000005001500021035002000036007000300056040001700059245007800076250001000154300003500164020002200199041000800221082000800229084001400237090002200251264003100273336002100304337003000325338002300355650001600378850001000394008004100404100003500445990002000480INLIS00000000000932620260422084844 a0010-1122000285ta aSBPUPADbind1 aPertualangan Goblin dan Si Bunglon Melintasi Waktu /cJelka Godec schmidt aCet.1 a22 hlm. :bilus. ;c21 x 26 cm a978-979-798-691-90 bind a813 a813 JEL p a920.71 LAN h 26-1 aJakarta :bGramedia,c2009 2rdacontentateks 2rdamediaatanpa perantara 2rdacarrieravolume 4aBuku Cerita aPUPAD260422 0 1 aSchmidt Jelka GodecePengarang a112/S/KAPD/2011